000 00720nas a2200241 i 4500
001 173336
003 ES-MaACL
005 20250829103239.0
008 091126c1963 sp a| | ||pa d
022 _a1139-7225
080 _a908(8=134)
245 0 0 _aAnuario iberoamericano
_b: (hechos y documentos).
260 _aMadrid :
_bDocumentación Iberoamericana, Instituto de Cultura Hispánica,
_c1963-
300 _a6 v. ;
_c27 cm.
310 _aAnual
655 7 _2tgfbne
_9226822
_aAnuarios
710 2 _aInstituto de Cultura Hispánica (España)
_94854
852 _aES-MaACL
_jP-1928
866 0 _o1962-1968.
942 _2udc
_cPERIODICA
999 _c173336
_d173336